La funció de globalització i altres escrits / Ovide Decroly ; traducció d'Andreu Roca ; pròleg i tria de Margarida Muset
Descripción Física:
LV, 189 p. ; 20 cm
Colección:
Textos pedagògics ; 10
Materias:
Pedagogia
MARC
| LEADER | 00000nam a2200000Ia 4500 | ||
|---|---|---|---|
| 001 | 6110 | ||
| 008 | 160829s1987 xx 000 0 cat d | ||
| 080 | |a E-1-129 | ||
| 100 | |a Decroly, Ovide |9 28949 | ||
| 245 | |a La funció de globalització i altres escrits / Ovide Decroly ; traducció d'Andreu Roca ; pròleg i tria de Margarida Muset | ||
| 260 | |a Vic : |b Eumo ; Barcelona : |b Diputació de Barcelona, |c 1987 | ||
| 300 | |a LV, 189 p. ; |c 20 cm | ||
| 490 | |a Textos pedagògics ; 10 | ||
| 650 | |a Pedagogia |9 35391 | ||
| 700 | |a Roca, Andreu, tr. |9 22874 | ||
| 700 | |a Muset, Margarida, pr. |9 28950 | ||
| 710 | 1 | |a Barcelona (Catalunya : Província). |b Diputació |9 52408 | |
| 901 | |a Arxiu | ||
| 942 | |n 1 | ||
| 952 | |0 0 |1 0 |4 0 |6 E1129 |7 1 |9 44983 |a Arxiu |b Arxiu |d 2016-12-01 |l 0 |o E-1-129 |p 6110 |r 2016-12-01 00:00:00 |w 2016-12-01 |y ARXIU | ||
| 999 | |c 47586 |d 47586 | ||